Программное обеспечение для обработки геолого-геофизических данных; Современные техника и технологии; Т. 2

Detalhes bibliográficos
Parent link:Современные техника и технологии: сборник трудов XV Международной научно-практической конференции студентов, аспирантов и молодых ученых, Томск, 4-8 мая 2009 г/ Национальный исследовательский Томский политехнический университет (ТПУ).— , 2009
Т. 2.— 2009.— [С. 259-260]
Autor principal: Недоспасова Ю. А.
Outros Autores: Захарова А. А. (научный руководитель)
Resumo:Заглавие с титульного листа
Электронная версия печатной публикации
Idioma:russo
Publicado em: 2009
Assuntos:
Acesso em linha:http://www.lib.tpu.ru/fulltext/c/2009/C01/V2/131.pdf
Formato: Recurso Eletrônico Capítulo de Livro
KOHA link:https://koha.lib.tpu.ru/cgi-bin/koha/opac-detail.pl?biblionumber=246463

MARC

LEADER 00000naa2a2200000 4500
001 246463
005 20260116093954.0
035 |a (RuTPU)RU\TPU\book\267914 
035 |a RU\TPU\book\267912 
090 |a 246463 
100 |a 20131204d2009 k y0rusy50 ca 
101 0 |a rus 
102 |a RU 
135 |a drnn ---uucaa 
181 0 |a i  
182 0 |a b 
200 1 |a Программное обеспечение для обработки геолого-геофизических данных  |f Ю. А. Недоспасова  |g науч. рук. А. А. Захарова 
203 |a Текст  |c электронный 
215 |a 1 файл (706 Кб) 
300 |a Заглавие с титульного листа 
300 |a Электронная версия печатной публикации 
337 |a Adobe Reader 
461 0 |0 (RuTPU)RU\TPU\book\261117  |t Современные техника и технологии  |o сборник трудов XV Международной научно-практической конференции студентов, аспирантов и молодых ученых, Томск, 4-8 мая 2009 г  |o в 3 т.  |f Национальный исследовательский Томский политехнический университет (ТПУ)  |d 2009 
463 0 |0 (RuTPU)RU\TPU\book\266450  |t Т. 2  |v [С. 259-260]  |d 2009 
610 1 |a электронный ресурс 
610 1 |a труды учёных ТПУ 
610 1 |a геолого-геофизические данные 
610 1 |a обработка данных 
610 1 |a программное обеспечение 
610 1 |a скважины 
610 1 |a оценка 
610 1 |a информационные технологии 
700 0 |a Недоспасова  |b Ю. А. 
702 1 |a Захарова  |b А. А.  |4 727 
801 1 |a RU  |b 63413507  |c 20130617 
801 2 |a RU  |b 63413507  |c 20131204  |g RCR 
856 4 |u http://www.lib.tpu.ru/fulltext/c/2009/C01/V2/131.pdf 
942 |c CF